| 000 | 00664nam a2200193 a 4500 | ||
|---|---|---|---|
| 008 | 110328s1988 ||||||||||||||||| || u | ||
| 020 | _a9781573923590 | ||
| 050 | _aB 105.M6 Loy | ||
| 100 | _aLoy, David, 1947- | ||
| 245 | 1 | 0 | _aNonduality: a study in comparative philosophy |
| 260 |
_aNew York: _bHumidity books _c1988 |
||
| 300 | _axiii, 346p. | ||
| 350 | _a0.00 | ||
| 650 | _aPHILOSOPHY, ORIENTAL | ||
| 650 | _aPHILOSOPHY | ||
| 650 | _aMONISM | ||
| 650 | _aPHILOSOPHY, COMPARATIVE | ||
| 995 |
_D0.00 _FCBU-MAIN LIBRARY (Kitwe) _H1 _I0.00 _M1 _UAVAILABLE _WMay 17, 2011 _ZMain Library Open Access Collection |
||
| 999 |
_c52342 _d52342 |
||